[Event "SR 2. liga A 2016/2017"]
[Site "?"]
[Date "2016.12.03"]
[Round "5.6"]
[White "Veselsky, Jozef"]
[Black "Gruca, Miroslav"]
[Result "1/2-1/2"]
[WhiteElo "2074"]
[BlackElo "2217"]
[PlyCount "60"]
[EventDate "2016.??.??"]

1. d4 Nf6 2. Nf3 e6 3. g3 b6 4. Bg2 Bb7 5. O-O Be7 6. c4 O-O 7. Nc3 d6 8. Qc2
Nbd7 9. e4 e5 10. dxe5 Nxe5 11. Nxe5 dxe5 12. Rd1 Qc8 13. Nd5 Nxd5 14. cxd5 Bd6
15. Be3 Qe8 16. Rac1 Bc8 17. Qe2 f5 18. exf5 Bxf5 19. Re1 Qg6 20. Qd2 Rf7 21.
f4 e4 22. a3 a5 23. Rc4 Re7 24. Bd4 Rae8 25. Rc6 Bd7 26. Rc3 Qf5 27. Be3 Bc8
28. Bf1 Rd8 29. Rd1 Qh5 30. Be2 Bg4 1/2-1/2

[Event "SR 2. liga A 2016/2017"]
[Site "?"]
[Date "2016.12.03"]
[Round "5.6"]
[White "Pusec, Pavel"]
[Black "Merva, Frantisek"]
[Result "0-1"]
[WhiteElo "1987"]
[BlackElo "2121"]
[PlyCount "114"]
[EventDate "2016.??.??"]

1. c4 c6 2. d4 d5 3. Nc3 Nf6 4. Nf3 e6 5. cxd5 cxd5 6. Ne5 Nc6 7. Nxc6 bxc6 8.
e3 Be7 9. Bd3 O-O 10. O-O c5 11. dxc5 Bxc5 12. Qe2 Bb7 13. Bd2 Ne4 14. Be1 Rc8
15. Na4 Bd6 16. f3 Nc5 17. Nxc5 Bxc5 18. b4 Bd6 19. a4 Qg5 20. Bd2 Qe7 21. a5
Bxb4 22. Bxb4 Qxb4 23. Rab1 Qe7 24. Ba6 Bxa6 25. Qxa6 h6 26. Rb7 Qa3 27. Qxa7
Ra8 28. Qb6 Rxa5 29. Rb8 Ra8 30. Rxf8+ Rxf8 31. Rb1 Rc8 32. Qb3 Qxb3 33. Rxb3
Rc2 34. h4 h5 35. Kh2 g6 36. Kh3 Kg7 37. g4 hxg4+ 38. fxg4 Rc1 39. Kg2 Rc4 40.
Kg3 d4 41. exd4 Rxd4 42. g5 Rd7 43. Re3 Kf8 44. Re4 Ke7 45. Kf4 Ra7 46. Rb4 Kd7
47. Kg4 Kc6 48. Rd4 e5 49. Rd1 Ra4+ 50. Kg3 Rd4 51. Rf1 Rd7 52. h5 gxh5 53. Kh4
e4 54. Kxh5 e3 55. Kg4 Re7 56. Kf3 e2 57. Re1 Kd5 0-1

[Event "SR 2. liga A 2016/2017"]
[Site "?"]
[Date "2016.12.03"]
[Round "5.6"]
[White "Kalmar, Tamas"]
[Black "Lesny, Stefan"]
[Result "1/2-1/2"]
[WhiteElo "2066"]
[BlackElo "2013"]
[PlyCount "50"]
[EventDate "2016.??.??"]

1. Nf3 Nc6 2. d4 d5 3. Bf4 Nf6 4. e3 a6 5. h3 Bf5 6. Be2 e6 7. O-O Bd6 8. Bxd6
Qxd6 9. c4 dxc4 10. Bxc4 O-O 11. Nc3 Ne4 12. Bd3 Nxc3 13. bxc3 Bxd3 14. Qxd3 h6
15. Rab1 b6 16. Rfc1 Rfd8 17. Qe2 e5 18. Nd2 Qe6 19. Qc4 Qxc4 20. Nxc4 f6 21.
Rd1 b5 22. Nd2 Na5 23. Ne4 Nc4 24. Nc5 Rd6 25. Kf1 Kf8 1/2-1/2

[Event "SR 2. liga A 2016/2017"]
[Site "?"]
[Date "2016.12.03"]
[Round "5.6"]
[White "Pozsar, Peter"]
[Black "Meszaros, Lorant"]
[Result "1-0"]
[WhiteElo "1868"]
[BlackElo "2014"]
[PlyCount "69"]
[EventDate "2016.??.??"]

1. e4 e5 2. Nf3 Nc6 3. Bb5 a6 4. Ba4 Nf6 5. O-O Be7 6. Re1 b5 7. Bb3 O-O 8. c3
d6 9. h3 Nb8 10. d4 Nbd7 11. a4 Bb7 12. axb5 axb5 13. Rxa8 Qxa8 14. d5 c6 15.
Na3 b4 16. cxb4 cxd5 17. exd5 Bxd5 18. Bxd5 Qxd5 19. Bg5 Qb7 20. Nc2 h6 21. Bd2
Nb6 22. Ne3 Re8 23. Bc3 Qd7 24. Qb3 e4 25. Nh4 d5 26. Rd1 Qe6 27. Nhf5 Rd8 28.
Nd4 Qd7 29. Nef5 Bf8 30. b5 g6 31. Ne3 Bg7 32. Nc6 Ra8 33. Bd4 Nc4 34. Nxd5
Qxd5 35. Ne7+ 1-0

[Event "SR 2. liga A 2016/2017"]
[Site "?"]
[Date "2016.12.03"]
[Round "5.6"]
[White "Vegh, Vince"]
[Black "Ujhelyi, Matus"]
[Result "1-0"]
[WhiteElo "1932"]
[BlackElo "1889"]
[PlyCount "69"]
[EventDate "2016.??.??"]

1. e4 e6 2. Qe2 Ne7 3. Nc3 d5 4. exd5 Nxd5 5. Nxd5 Qxd5 6. Nf3 c5 7. g3 Nc6 8.
c3 Be7 9. Bg2 O-O 10. O-O b6 11. d4 Bb7 12. dxc5 Rfd8 13. cxb6 axb6 14. b3 Bf6
15. Bb2 Qd3 16. Qxd3 Rxd3 17. Rfc1 Nb4 18. Ne1 Bxg2 19. cxb4 Bxb2 20. Nxd3 Bxa1
21. Kxg2 Bd4 22. a4 g5 23. Rc2 f5 24. b5 Rd8 25. Kf1 Kf7 26. Ke2 h5 27. Nb4 Rd7
28. Nc6 Bf6 29. b4 Rb7 30. Rc1 e5 31. Rb1 e4 32. Rb3 Ke6 33. a5 bxa5 34. bxa5
Kd5 35. a6 1-0

[Event "SR 2. liga A 2016/2017"]
[Site "?"]
[Date "2016.12.04"]
[Round "6.1"]
[White "Stanec, Stanislav"]
[Black "Jablonicky, Martin"]
[Result "0-1"]
[WhiteElo "2085"]
[BlackElo "2281"]
[PlyCount "80"]
[EventDate "2016.??.??"]

1. d4 Nf6 2. Nf3 g6 3. c4 Bg7 4. Nc3 O-O 5. e4 d6 6. Be2 e5 7. dxe5 dxe5 8.
Qxd8 Rxd8 9. Bg5 Na6 10. Nd5 Nxd5 11. cxd5 f6 12. Bxa6 bxa6 13. Be3 c6 14. dxc6
Be6 15. O-O Rac8 16. Rfc1 Rd6 17. c7 Rd7 18. Rc6 Bxa2 19. Nxe5 fxe5 20. Rxa6
Bc4 21. Rxa7 Rdxc7 22. Rxc7 Rxc7 23. f3 Rb7 24. Ra8+ Kf7 25. Bc5 Rxb2 26. Ra7+
Kf6 27. Be7+ Ke6 28. Bc5 Bh6 29. Rxh7 Bd2 30. h4 Rb1+ 31. Kh2 Bf4+ 32. g3 Rb2+
33. Kh3 Bf1+ 34. Kg4 Rg2 35. Bf2 Rxf2 36. gxf4 Rg2+ 37. Kh3 exf4 38. Rh6 Ke5
39. Rh8 Kd4 40. Rf8 Ke3 0-1

[Event "SR 2. liga A 2016/2017"]
[Site "?"]
[Date "2016.12.04"]
[Round "6.1"]
[White "Danada, Tomas"]
[Black "Londin, Martin"]
[Result "0-1"]
[WhiteElo "2246"]
[BlackElo "1906"]
[PlyCount "96"]
[EventDate "2016.??.??"]

1. e4 e5 2. f4 d5 3. exd5 Bc5 4. Nf3 Bg4 5. h3 Bxf3 6. Qxf3 exf4 7. Bb5+ Nd7 8.
Kd1 Ne7 9. b4 Bd4 10. d6 cxd6 11. c3 Bf6 12. Qxb7 Rc8 13. Qxa7 Rc7 14. Qa6 d5
15. d4 Bg5 16. Qd6 O-O 17. Bxf4 Bxf4 18. Qxf4 Nf6 19. Bd3 Ng6 20. Qf2 Qd6 21.
Rf1 Rfc8 22. Qd2 Nh5 23. a4 Nhf4 24. Bxg6 Nxg6 25. Ra2 Nf8 26. Qf4 Qg6 27. Qf5
Qc6 28. Rf3 Ne6 29. Qd3 Ng5 30. b5 Qd6 31. Re3 Ne4 32. a5 Rc4 33. b6 Qc6 34.
Qc2 Qb7 35. Qb3 Qa6 36. Kc1 Rxd4 37. b7 Qf1+ 38. Kb2 Rb8 39. cxd4 Qa6 40. Qxd5
Nf6 41. Qe5 Qxb7+ 42. Kc3 Qb3+ 43. Kd2 Qxa2+ 44. Kd3 Qxb1+ 45. Ke2 Rb2+ 46. Kf3
Qf1+ 47. Kg3 Rxg2+ 48. Kh4 g5+ 0-1

[Event "SR 2. liga A 2016/2017"]
[Site "?"]
[Date "2016.12.04"]
[Round "6.1"]
[White "Packa, Ladislav"]
[Black "Vepy, Ivan"]
[Result "1-0"]
[WhiteElo "2140"]
[BlackElo "1881"]
[PlyCount "53"]
[EventDate "2016.??.??"]

1. d4 Nf6 2. c4 e6 3. Nc3 d5 4. Bg5 Be7 5. Nf3 O-O 6. e3 b6 7. cxd5 Nxd5 8.
Nxd5 exd5 9. Bxe7 Qxe7 10. Rc1 Ba6 11. Bxa6 Nxa6 12. O-O Rfc8 13. Qd3 Nb4 14.
Qb3 Qd6 15. a3 Na6 16. Qd3 Nb8 17. Rfd1 Nd7 18. b4 Nf6 19. Qa6 h6 20. Ne5 Ne8
21. Nc6 Qd7 22. Qb5 a5 23. Qxd5 Qxd5 24. Ne7+ Kf8 25. Nxd5 axb4 26. axb4 Ra4
27. Nxb6 1-0

[Event "SR 2. liga A 2016/2017"]
[Site "?"]
[Date "2016.12.04"]
[Round "6.1"]
[White "Hrubsa, Marian"]
[Black "Jablonicky, Frantisek"]
[Result "0-1"]
[WhiteElo "1878"]
[BlackElo "2106"]
[PlyCount "106"]
[EventDate "2016.??.??"]

1. e4 c5 2. Nf3 d6 3. d4 cxd4 4. Nxd4 Nf6 5. Nc3 a6 6. Be2 e6 7. O-O Be7 8. Be3
O-O 9. f4 Qc7 10. Qe1 Nbd7 11. Qg3 b5 12. a3 Bb7 13. Bd3 d5 14. e5 Ne4 15. Qh3
Ndc5 16. Rac1 Rac8 17. Nce2 Qd8 18. f5 Bg5 19. f6 gxf6 20. Bxg5 fxg5 21. Qh6
Kh8 22. Ng3 Qe7 23. Nh5 Rg8 24. Nf6 Rg7 25. Rf3 g4 26. Rg3 Nxd3 27. Rxd3 Qf8
28. Rf1 Nxf6 29. Rxf6 Qg8 30. Qf4 Bc6 31. Rd2 Bd7 32. Rf2 Re8 33. Ne2 Re7 34.
Ng3 Be8 35. Nh5 Rg5 36. Rh6 Rf5 37. Qe3 Rxf2 38. Kxf2 Rc7 39. c3 f5 40. exf6
Bxh5 41. Rxh5 Qg6 42. Rh6 Qf5+ 43. Kg3 Rf7 44. Qe2 Rxf6 45. Rxf6 Qxf6 46. Qxg4
Qg7 47. Kf3 Qxg4+ 48. Kxg4 Kg7 49. Kf4 Kf6 50. g4 e5+ 51. Ke3 Kg5 52. b3 Kxg4
53. Kd3 Kf3 0-1

[Event "SR 2. liga A 2016/2017"]
[Site "?"]
[Date "2016.12.04"]
[Round "6.1"]
[White "Lukacovic, Miroslav"]
[Black "Planka, Peter"]
[Result "1/2-1/2"]
[WhiteElo "1981"]
[BlackElo "1795"]
[PlyCount "151"]
[EventDate "2016.??.??"]

1. d4 Nf6 2. c4 e6 3. Nf3 b6 4. g3 Bb7 5. Bg2 Be7 6. b3 O-O 7. O-O d5 8. Bb2
Nbd7 9. Nbd2 c6 10. Re1 Rc8 11. Rc1 Re8 12. Ne5 Nxe5 13. dxe5 Nd7 14. Nf3 Bb4
15. Nd2 Qe7 16. e3 Red8 17. cxd5 cxd5 18. Ra1 Bc3 19. Bxc3 Rxc3 20. Rc1 Rxc1
21. Qxc1 Nxe5 22. Qc3 f6 23. f4 Rc8 24. Qd4 Nc6 25. Qb2 Qc5 26. a3 Ne7 27. b4
Qc3 28. Qxc3 Rxc3 29. Nb1 Rc2 30. Bf1 Kf7 31. Bd3 Rc7 32. Kf2 g6 33. Ke2 Nc8
34. Kd2 Nd6 35. Nc3 Bc6 36. Rd1 Be8 37. Rc1 Nc4+ 38. Bxc4 Rxc4 39. Re1 Rc7 40.
Rc1 Bd7 41. Re1 h6 42. h4 f5 43. Rg1 Kf6 44. Rh1 Be8 45. Rc1 Kg7 46. Rh1 Rb7
47. Rc1 Rc7 48. Rh1 a6 49. Rc1 Bb5 50. Rb1 Bc4 51. Na4 Rc6 52. Rc1 Rd6 53. Nb2
b5 54. Kc3 Kf6 55. Kd4 Ke7 56. Nd1 a5 57. bxa5 Ra6 58. Kc5 Rxa5 59. Rc3 Ra8 60.
Nb2 Rc8+ 61. Kd4 Kd6 62. Nd3 Rb8 63. Ne5 h5 64. Rc1 Ra8 65. Rc3 Ra4 66. Nd3
Bxd3+ 67. Kxd3 Rc4 68. Kd2 Rxc3 69. Kxc3 Kc5 70. Kb3 Kc6 71. Kb4 Kb6 72. Kc3
Ka5 73. Kb3 Ka6 74. Kb4 Kb6 75. Kc3 Kc5 76. Kb3 1/2-1/2

[Event "SR 2. liga A 2016/2017"]
[Site "?"]
[Date "2016.12.04"]
[Round "6.1"]
[White "Zlamal, Marek"]
[Black "Cmarada, Juraj"]
[Result "1-0"]
[WhiteElo "1768"]
[BlackElo "1785"]
[PlyCount "67"]
[EventDate "2016.??.??"]

1. d4 Nf6 2. c4 g6 3. Nc3 d5 4. e3 Bg7 5. Nf3 O-O 6. a4 a5 7. Bd3 dxc4 8. Bxc4
Nbd7 9. O-O Nb6 10. Bd3 Nfd5 11. h3 Nb4 12. Be4 c6 13. Bd2 Be6 14. Ne2 Qd6 15.
b3 Rfd8 16. Nf4 N6d5 17. Nxe6 Qxe6 18. Ng5 Qf6 19. f4 h6 20. Nf3 Qe6 21. Ne5 f6
22. f5 Qd6 23. Nxg6 e5 24. fxe6 Qxe6 25. Bf5 Qe8 26. Qg4 Nxe3 27. Be6+ Kh7 28.
Bxe3 Rd6 29. Nf4 Kh8 30. Qf5 Bf8 31. Qxf6+ Bg7 32. Ng6+ Kh7 33. Bg8+ Kxg8 34.
Ne7+ 1-0

[Event "SR 2. liga A 2016/2017"]
[Site "?"]
[Date "2016.12.04"]
[Round "6.1"]
[White "Sipkovsky, Ladislav"]
[Black "Bartos, Bohumil"]
[Result "1-0"]
[WhiteElo "1825"]
[BlackElo "1669"]
[PlyCount "119"]
[EventDate "2016.??.??"]

1. e4 c5 2. Nf3 Nc6 3. Nc3 d6 4. b3 Nf6 5. Bb5 Bd7 6. Bb2 a6 7. Bxc6 Bxc6 8. d3
e5 9. O-O Be7 10. h3 O-O 11. Ne2 Qc7 12. c4 b5 13. Nd2 Bd7 14. f4 Ne8 15. fxe5
dxe5 16. Nc3 Bc6 17. Nd5 Bxd5 18. cxd5 f6 19. Qg4 Qd6 20. Nf3 Qb6 21. Kh1 Kh8
22. Bc3 b4 23. Bd2 Rg8 24. Nh4 g6 25. Qg3 Nd6 26. Nf3 a5 27. Qf2 Raf8 28. Be3
Nb5 29. Nd2 Na3 30. Rac1 Rc8 31. Nc4 Nxc4 32. Rxc4 Rc7 33. Rfc1 Rgc8 34. g4 Kg7
35. Qd2 g5 36. Kg2 h6 37. Rh1 Rh8 38. h4 Bf8 39. Qf2 Be7 40. Qf5 Qb5 41. hxg5
hxg5 42. Rxh8 Kxh8 43. Bxg5 Qd7 44. Bxf6+ Bxf6 45. Qxf6+ Qg7 46. Qxg7+ Rxg7 47.
Kg3 Rc7 48. g5 Kg7 49. Kg4 Kg6 50. Rc2 Rf7 51. Rxc5 Rf4+ 52. Kg3 Kxg5 53. Rc8
Rg4+ 54. Kf3 Rf4+ 55. Ke3 Kg4 56. Rg8+ Kh3 57. d4 Rf1 58. dxe5 Ra1 59. e6 Rxa2
60. e7 1-0

[Event "SR 2. liga A 2016/2017"]
[Site "?"]
[Date "2016.12.04"]
[Round "6.2"]
[White "Puskar, Peter"]
[Black "Karas, Marek"]
[Result "1/2-1/2"]
[WhiteElo "2199"]
[BlackElo "2209"]
[PlyCount "80"]
[EventDate "2016.??.??"]

1. d4 e6 2. Nf3 c5 3. e3 Nf6 4. Bd3 b6 5. O-O Bb7 6. b3 Be7 7. Bb2 O-O 8. c4
cxd4 9. exd4 d5 10. Nbd2 Nc6 11. Rc1 Rc8 12. Bb1 Rc7 13. Qe2 Qc8 14. Rfd1 Rd8
15. Ne5 dxc4 16. Ndxc4 Nb4 17. h4 Nbd5 18. g3 Ba8 19. f3 b5 20. Ne3 Nc3 21.
Bxc3 Rxc3 22. Rxc3 Qxc3 23. Qd3 Qxd3 24. Bxd3 a6 25. Kf2 Nd5 26. Nxd5 Bxd5 27.
Rc1 Bd6 28. f4 f6 29. Nf3 Rb8 30. Ke3 Bb7 31. Be4 Rc8 32. Rxc8+ Bxc8 33. Ne1 h6
34. h5 Kf7 35. Bg6+ Ke7 36. Be4 e5 37. Nd3 exf4+ 38. Nxf4 Bg4 39. Bf3 Bf5 40.
Be4 Bg4 1/2-1/2

[Event "SR 2. liga A 2016/2017"]
[Site "?"]
[Date "2016.12.04"]
[Round "6.2"]
[White "Jozefek, Michal"]
[Black "Bango, Lukas"]
[Result "1-0"]
[WhiteElo "2200"]
[BlackElo "2091"]
[PlyCount "85"]
[EventDate "2016.??.??"]

1. d4 Nf6 2. c4 e6 3. Nc3 Bb4 4. Qc2 c5 5. dxc5 Nc6 6. Nf3 O-O 7. a3 Bxc5 8. b4
Be7 9. e3 d5 10. Bb2 Qc7 11. cxd5 exd5 12. Be2 Bg4 13. Nb5 Qd7 14. Nbd4 Rac8
15. Qb3 Nxd4 16. Bxd4 Qf5 17. h3 Bxf3 18. Bxf3 Ne4 19. Rd1 Rfd8 20. O-O Qg6 21.
Be5 Qe6 22. Bb2 b5 23. Rd3 Bh4 24. Bg4 f5 25. Bf3 Rc4 26. g3 Be7 27. Rfd1 a5
28. bxa5 Nc5 29. Qxb5 Nxd3 30. Rxd3 Rc5 31. Qb6 Kf7 32. Bd4 Qxb6 33. axb6 Ra5
34. Be5 Rb5 35. Bc7 Rd7 36. a4 Rb1+ 37. Kg2 Ke6 38. a5 Bd8 39. Rc3 Ra1 40. b7
Bxc7 41. Rxc7 Rb1 42. a6 Rxc7 43. a7 1-0

[Event "SR 2. liga A 2016/2017"]
[Site "?"]
[Date "2016.12.04"]
[Round "6.2"]
[White "Kovacocy, Pavel"]
[Black "Nemeckay, Rastislav"]
[Result "1-0"]
[WhiteElo "2221"]
[BlackElo "1982"]
[PlyCount "69"]
[EventDate "2016.??.??"]

1. e4 e5 2. Nf3 Nc6 3. Bc4 Be7 4. c3 Nf6 5. d3 O-O 6. Bb3 d5 7. exd5 Nxd5 8.
Qe2 Bf6 9. O-O Bg4 10. Qe4 Be6 11. Na3 Re8 12. Nc4 Nb6 13. Ne3 Bxb3 14. axb3 g6
15. Ng4 Bg7 16. Nh6+ Bxh6 17. Bxh6 f5 18. Qe2 Qd5 19. b4 e4 20. dxe4 Qxe4 21.
Qxe4 Rxe4 22. Nd2 Re2 23. Rfd1 a6 24. Kf1 Re7 25. Bg5 Rd7 26. Nb3 Rxd1+ 27.
Rxd1 a5 28. bxa5 Nxa5 29. Nxa5 Rxa5 30. Rd8+ Kg7 31. Rb8 Ra1+ 32. Ke2 Rb1 33.
Rxb7 Rxb2+ 34. Bd2 Na4 35. Rxc7+ 1-0

[Event "SR 2. liga A 2016/2017"]
[Site "?"]
[Date "2016.12.04"]
[Round "6.2"]
[White "Diviak, Rastislav"]
[Black "Arendas, Marek"]
[Result "1/2-1/2"]
[WhiteElo "1960"]
[BlackElo "2125"]
[PlyCount "56"]
[EventDate "2016.??.??"]

1. e4 c6 2. d4 d5 3. Nc3 dxe4 4. Nxe4 Nd7 5. Nf3 Ngf6 6. Ng3 e6 7. Bd3 Qc7 8.
O-O Bd6 9. Re1 O-O 10. c4 b6 11. Bd2 Bb7 12. Bc3 Rad8 13. Qe2 Rfe8 14. Rad1 h6
15. Ne5 Nf8 16. Ne4 Nxe4 17. Bxe4 c5 18. Bxb7 Qxb7 19. dxc5 Bxc5 20. Qg4 f6 21.
Nf3 Qf7 22. Nd4 h5 23. Qe4 Bxd4 24. Bxd4 e5 25. Bc3 Rc8 26. Rd5 Ne6 27. Red1
Rc7 28. b3 g6 1/2-1/2

[Event "SR 2. liga A 2016/2017"]
[Site "?"]
[Date "2016.12.04"]
[Round "6.2"]
[White "Szitkey, Milan"]
[Black "Danada, Ondrej"]
[Result "1-0"]
[WhiteElo "2072"]
[BlackElo "1886"]
[PlyCount "45"]
[EventDate "2016.??.??"]

1. e4 c6 2. d4 d5 3. e5 c5 4. c3 Nc6 5. Nf3 Bg4 6. Be2 e6 7. Nbd2 cxd4 8. Nxd4
Bxe2 9. Qxe2 Nxd4 10. cxd4 Qb6 11. O-O Ne7 12. Nb3 Nc6 13. Be3 Na5 14. Nxa5
Qxa5 15. Rfc1 Be7 16. Qg4 g6 17. Bh6 Bf8 18. Bxf8 Rxf8 19. Rc5 Qb6 20. Rac1
Qxb2 21. Qh4 f6 22. Qxh7 Rd8 23. Rc7 1-0

[Event "SR 2. liga A 2016/2017"]
[Site "?"]
[Date "2016.12.04"]
[Round "6.2"]
[White "Sobek, Michal"]
[Black "Puchart, Vladimir"]
[Result "0-1"]
[WhiteElo "1865"]
[BlackElo "2060"]
[PlyCount "80"]
[EventDate "2016.??.??"]

1. e4 c5 2. Nc3 Nc6 3. Nf3 g6 4. d4 cxd4 5. Nxd4 Bg7 6. Be3 d6 7. Bc4 Nf6 8.
Nxc6 bxc6 9. e5 Ng4 10. e6 f5 11. Bd4 O-O 12. Bxg7 Kxg7 13. Qd4+ Rf6 14. O-O-O
Qb6 15. Qd2 Qxf2 16. Bd5 cxd5 17. Nxd5 Rxe6 18. Nc7 Qxd2+ 19. Rxd2 Rb8 20.
Nxe6+ Bxe6 21. Re1 Kf6 22. Rd4 g5 23. h3 Ne5 24. Rf1 h5 25. g3 Rh8 26. Ra4 Nc6
27. Rf3 Bd5 28. Rf2 Ke5 29. Re2+ Kf6 30. Rf2 Ke5 31. Re2+ Be4 32. g4 hxg4 33.
hxg4 d5 34. c4 Nd4 35. Re1 Rh2 36. gxf5 Kxf5 37. Rf1+ Ke5 38. cxd5 Rc2+ 39. Kd1
Rxb2 40. Kc1 Rb1+ 0-1

[Event "SR 2. liga A 2016/2017"]
[Site "?"]
[Date "2016.12.04"]
[Round "6.2"]
[White "Liptak, Dusan"]
[Black "Hanzluvka, Peter"]
[Result "1-0"]
[WhiteElo "2133"]
[BlackElo "1901"]
[PlyCount "111"]
[EventDate "2016.??.??"]

1. d4 Nf6 2. c4 e6 3. Nf3 Bb4+ 4. Bd2 Bxd2+ 5. Nbxd2 d5 6. Qc2 Nbd7 7. e3 b6 8.
Rc1 c5 9. cxd5 exd5 10. dxc5 bxc5 11. Be2 O-O 12. O-O Qe7 13. Nb3 Ne4 14. Rfd1
c4 15. Nbd4 Ndc5 16. Nd2 Re8 17. Nxe4 Nxe4 18. Bf3 f5 19. Qa4 Bd7 20. Qa5 Qf7
21. b3 c3 22. Bxe4 dxe4 23. Rxc3 f4 24. exf4 Qxf4 25. Qd5+ Qf7 26. Qxf7+ Kxf7
27. Rc7 Re7 28. Re1 Ke8 29. Ne2 Kd8 30. Rc4 Rc8 31. Ng3 Rxc4 32. bxc4 Bc6 33.
Kf1 Kc7 34. Ke2 Kb6 35. Nf5 Re5 36. Ne3 Ra5 37. Rb1+ Kc5 38. Rb2 Be8 39. Nf5 g6
40. Ng3 Kxc4 41. Nxe4 Re5 42. Ke3 Bc6 43. f3 a6 44. Rc2+ Kb5 45. h4 h6 46. g4
Kb6 47. Rc3 Ra5 48. a3 Rb5 49. Nd6 Rb1 50. Nc4+ Kb5 51. Ne5 Re1+ 52. Kf4 g5+
53. hxg5 hxg5+ 54. Kf5 Bd5 55. Kf6 Rf1 56. Kxg5 1-0

[Event "SR 2. liga A 2016/2017"]
[Site "?"]
[Date "2016.12.04"]
[Round "6.2"]
[White "Pericka, Pavol"]
[Black "Doucha, Ludvig"]
[Result "1-0"]
[WhiteElo "1821"]
[BlackElo "1932"]
[PlyCount "29"]
[EventDate "2016.??.??"]

1. e4 e5 2. Bc4 Nf6 3. Nf3 Bd6 4. Nc3 Nc6 5. a3 O-O 6. d3 h6 7. O-O Re8 8. Nh4
Bf8 9. Qf3 Nd4 10. Qg3 Kh7 11. Bxf7 Re7 12. Qg6+ Kh8 13. Bxh6 d6 14. Nd5 Nxd5
15. Bxg7+ 1-0

[Event "SR 2. liga A 2016/2017"]
[Site "?"]
[Date "2016.12.04"]
[Round "6.3"]
[White "Janos, Martin"]
[Black "Sosovicka, Juraj"]
[Result "1-0"]
[WhiteElo "2209"]
[BlackElo "2187"]
[PlyCount "75"]
[EventDate "2016.??.??"]

1. e4 b6 2. d4 Bb7 3. Bd3 e6 4. c3 Nf6 5. Qf3 c5 6. Be3 Nc6 7. a3 d5 8. e5 Ne4
9. Ne2 f6 10. Qh3 fxe5 11. Bxe4 dxe4 12. dxc5 Bxc5 13. Bxc5 bxc5 14. Nd2 O-O
15. Qe3 Qb6 16. O-O Ba6 17. Nxe4 Qxb2 18. Rae1 Nd4 19. cxd4 exd4 20. Qh3 Rae8
21. Ng5 h6 22. Nxe6 Rf6 23. Nxg7 Rxe2 24. Nh5 Rf7 25. Qg3+ Kh7 26. Nf4 Rg7 27.
Qh3 Rxe1 28. Qf5+ Kg8 29. Rxe1 Qb5 30. Nh5 Rf7 31. Qg6+ Kf8 32. Qxh6+ Kg8 33.
Nf6+ Rxf6 34. Qxf6 d3 35. Qd8+ Kf7 36. Re7+ Kg6 37. Qg8+ Kf5 38. Qf8+ 1-0

[Event "SR 2. liga A 2016/2017"]
[Site "?"]
[Date "2016.12.04"]
[Round "6.3"]
[White "Duben, Igor"]
[Black "Tepper, Frantisek"]
[Result "1-0"]
[WhiteElo "2214"]
[BlackElo "2079"]
[PlyCount "109"]
[EventDate "2016.??.??"]

1. d4 Nf6 2. Nf3 d6 3. g3 Nbd7 4. c4 c6 5. Nc3 e5 6. Bg2 Be7 7. O-O O-O 8. Qc2
Qc7 9. b3 Re8 10. Bb2 Nf8 11. Rac1 Ng6 12. Rfd1 Bd7 13. a3 Rac8 14. b4 a6 15.
dxe5 Nxe5 16. Nxe5 dxe5 17. c5 Be6 18. Ne4 Nxe4 19. Bxe4 h6 20. Bh7+ Kh8 21.
Bf5 Bg5 22. e3 Rcd8 23. Bxe6 Rxe6 24. Rxd8+ Bxd8 25. Rd1 Bf6 26. Qd2 Re7 27. e4
Kh7 28. Kg2 g6 29. Bc3 Bg7 30. Qb2 f6 31. Qd2 Rf7 32. Qd3 Re7 33. Bb2 Rf7 34.
Bc1 Re7 35. Be3 Rf7 36. a4 Re7 37. b5 axb5 38. axb5 cxb5 39. Qxb5 Rf7 40. Rd5
Re7 41. Bd2 Qc6 42. Qxc6 bxc6 43. Rd6 Rc7 44. Ba5 Rc8 45. g4 h5 46. h3 hxg4 47.
hxg4 f5 48. exf5 gxf5 49. gxf5 e4 50. Rd7 Kg8 51. Kg3 Rf8 52. Kg4 Ra8 53. Bd2
Ra3 54. Be3 Rd3 55. Rc7 1-0

[Event "SR 2. liga A 2016/2017"]
[Site "?"]
[Date "2016.12.04"]
[Round "6.3"]
[White "Janos, Jozef"]
[Black "Oprea, Erik"]
[Result "1/2-1/2"]
[WhiteElo "2157"]
[BlackElo "2172"]
[PlyCount "126"]
[EventDate "2016.??.??"]

1. Nf3 d6 2. d4 c6 3. g3 Nf6 4. Bg2 Nbd7 5. O-O e5 6. c4 e4 7. Ne1 d5 8. cxd5
cxd5 9. Nc3 Nb6 10. Nc2 Be6 11. b3 Qd7 12. a4 Rc8 13. Bd2 a6 14. a5 Na8 15. Na4
Bh3 16. Ne3 Bd6 17. b4 h5 18. f3 Bxg2 19. Kxg2 h4 20. Rh1 Rh6 21. Nc5 Bxc5 22.
bxc5 Rg6 23. Kf2 Rc6 24. Qb3 Rc8 25. Ng2 Ng8 26. Nxh4 Rf6 27. Rab1 Rb8 28. Bg5
Rc6 29. Ng2 Nc7 30. Bf4 Ne7 31. Ne3 Qe6 32. h4 Rc8 33. h5 Nb5 34. Rbd1 Rd8 35.
g4 Nxd4 36. Qb2 Nb5 37. Qxg7 d4 38. Ng2 Rxc5 39. h6 Ng6 40. h7 Kd7 41. Kg3 Rc2
42. h8=Q Rxh8 43. Rxh8 Nxh8 44. Rxd4+ Nxd4 45. Qxd4+ Ke7 46. Ne3 Qc6 47. Bd6+
$4 (47. Nf5+ $3) 47... Qxd6+ 48. Qxd6+ Kxd6 49. Nxc2 $15 exf3 50. Kxf3 Ng6 $2
$11 51. Ke4 Ne5 52. Kf5 Nc4 53. Kf6 Nxa5 54. Kxf7 $44 Nc6 55. g5 b5 56. Kf6 Ne5
57. Kf5 Nf7 58. g6 Nh6+ 59. Kf6 a5 60. e4 Kd7 61. Na3 b4 62. Nc4 b3 63. Nb2 Ke8
1/2-1/2

[Event "SR 2. liga A 2016/2017"]
[Site "?"]
[Date "2016.12.04"]
[Round "6.3"]
[White "Sosovicka, Jakub"]
[Black "Kolcak, Marek"]
[Result "0-1"]
[WhiteElo "1989"]
[BlackElo "2118"]
[PlyCount "58"]
[EventDate "2016.??.??"]

1. e4 e6 2. d4 d5 3. Nc3 Bb4 4. e5 Ne7 5. Nf3 c5 6. dxc5 Nd7 7. Bd3 Ng6 8. Qe2
Qc7 9. Bxg6 fxg6 10. O-O Bxc3 11. bxc3 O-O 12. Ba3 Nxc5 13. Rab1 b6 14. Rfe1
Rf4 15. Nd4 Bd7 16. Nb5 Bxb5 17. Qxb5 Ne4 18. Bd6 Nxd6 19. exd6 Qxd6 20. Re3
Raf8 21. Rbe1 Rxf2 22. Rxe6 Qc5 23. Qxc5 bxc5 24. Rc6 Rxc2 25. Rxc5 Rff2 26.
Rxd5 Rxg2+ 27. Kh1 Rxh2+ 28. Kg1 Rcg2+ 29. Kf1 Rxa2 0-1

[Event "SR 2. liga A 2016/2017"]
[Site "?"]
[Date "2016.12.04"]
[Round "6.3"]
[White "Fabry, Robert"]
[Black "Kucera, Michal"]
[Result "1-0"]
[WhiteElo "2082"]
[BlackElo "1886"]
[PlyCount "121"]
[EventDate "2016.??.??"]

1. e4 c5 2. Nf3 Nc6 3. d4 cxd4 4. Nxd4 Nf6 5. Nc3 e5 6. Ndb5 d6 7. Bg5 a6 8.
Na3 b5 9. Nd5 Be7 10. Bxf6 Bxf6 11. c3 O-O 12. Be2 Bg5 13. Nc2 Rb8 14. O-O Bb7
15. Nce3 Bxe3 16. Nxe3 Ne7 17. Bf3 Qb6 18. Qe2 Rbd8 19. Rfd1 g6 20. g3 f5 21.
exf5 e4 22. Bh1 Nxf5 23. Nxf5 gxf5 24. Qe3 Qc7 25. Qf4 Qe7 26. Rd2 d5 27. Bg2
Qg7 28. Rad1 b4 29. Rd4 bxc3 30. bxc3 Rc8 31. Qe3 h5 32. Rb1 Rc7 33. Rb6 f4 34.
gxf4 Rcf7 35. Qg3 Qxg3 36. hxg3 Rc8 37. Bf1 Rxc3 38. Bxa6 Bc6 39. Bc8 Re7 40.
f5 e3 41. fxe3 Rexe3 42. Be6+ Kg7 43. Bxd5 Rxg3+ 44. Kf2 Bxd5 45. Rxd5 Rgf3+
46. Ke2 Rce3+ 47. Kd2 Re7 48. Rg6+ Kh7 49. Rg5 Kh6 50. Rxh5+ Kxh5 51. f6+ Kg6
52. fxe7 Kf7 53. Re5 Ke8 54. a4 Ra3 55. a5 Rh3 56. Kc2 Ra3 57. Kb2 Ra4 58. Kb3
Ra1 59. Kb4 Rb1+ 60. Kc5 Rc1+ 61. Kb6 1-0

[Event "SR 2. liga A 2016/2017"]
[Site "?"]
[Date "2016.12.04"]
[Round "6.3"]
[White "Sosovicka, Vladimir"]
[Black "Mikulas, Dusan"]
[Result "0-1"]
[WhiteElo "1823"]
[BlackElo "2074"]
[PlyCount "48"]
[EventDate "2016.??.??"]

1. e4 c5 2. Nf3 d6 3. d4 cxd4 4. Nxd4 Nf6 5. Nc3 Nc6 6. Be3 e5 7. Nxc6 bxc6 8.
Be2 Be7 9. O-O O-O 10. a3 d5 11. exd5 cxd5 12. Bg5 Bb7 13. b4 Rc8 14. Na4 Qd7
15. Bxf6 gxf6 16. Nb2 Kh8 17. Nd3 Rg8 18. Ne1 Rg6 19. Rc1 Rcg8 20. Bf3 Rh6 21.
Kh1 f5 22. Rg1 e4 23. Be2 d4 24. Bc4 Qc7 0-1

[Event "SR 2. liga A 2016/2017"]
[Site "?"]
[Date "2016.12.04"]
[Round "6.3"]
[White "Hecht, Tomas"]
[Black "Gzib, David"]
[Result "1-0"]
[WhiteElo "2021"]
[BlackElo "1789"]
[PlyCount "71"]
[EventDate "2016.??.??"]

1. e4 c5 2. c3 Nc6 3. d4 cxd4 4. cxd4 d5 5. e5 Bf5 6. Bd3 Bxd3 7. Qxd3 e6 8.
Nf3 Nge7 9. O-O Nf5 10. Nc3 Qb6 11. Nxd5 exd5 12. Qxf5 Nxd4 13. Nxd4 Qxd4 14.
Be3 Qe4 15. Qxe4 dxe4 16. Rac1 f5 17. exf6 gxf6 18. Rc7 b6 19. Rd1 Bc5 20. Rdd7
Rd8 21. Rxd8+ Kxd8 22. Rxa7 Re8 23. Ra8+ Kd7 24. Rxe8 Kxe8 25. Bxc5 bxc5 26.
Kf1 Kd7 27. Ke2 Kd6 28. Ke3 Kd5 29. b3 Ke5 30. a4 f5 31. g3 Kd5 32. Kf4 Kd4 33.
a5 Kd5 34. Kxf5 Kc6 35. Kxe4 Kb5 36. Kd5 1-0